| 000 | 00968nam a2200289 i 4500 | ||
|---|---|---|---|
| 001 | bg | ||
| 100 | 1 |
_aSHAKESPEARE, William _d(1564-1616) |
|
| 245 | 1 | 0 |
_aHenry V / _cWilliam Shakespeare ; ed. by John O'Connor. |
| 250 | _a2nd impr. | ||
| 260 |
_aHarlow : _bLongman : _bPearson Education, _c2003. |
||
| 300 |
_aVI, 262 s. : _bfot. ; _c23 cm. |
||
| 490 | 1 | _aNew Longman Shakespeare | |
| 600 | 1 | 9 |
_aShakespeare, William (1564-1616). _tHenry V |
| 650 | 9 |
_aDramat angielski _y17 w. |
|
| 650 | 9 |
_aDramat angielski _xhistoria _y17 w. |
|
| 655 | _aMateriały pomocnicze dla szkół | ||
| 700 | 1 |
_aO'CONNOR, John. _eRed. |
|
| 830 | _aNew Longman Shakespeare | ||
| 020 | _a0582427118 | ||
| 040 | _cBPK | ||
| 041 | 0 | _aeng | |
| 080 | _a821.111-2:821.111(091)-2"16"(075.3.053.6/.7)A/Z | ||
| 920 | _a0-582-42711-8 | ||
| 942 | _cKS | ||
| 008 | s pl f |000 0 pol | ||
| 999 |
_c52043 _d52043 |
||